Řízení hotelového provozu

Salvato in:
Dettagli Bibliografici
Autore principale: Beránek, Jaromír
Altri autori: Kotek, Pavel
Natura: Libro
Lingua:ceco
Pubblicazione: Praha MAG Consulting 2003
Edizione:3. přeprac. vyd.
Soggetti:
Tags: Aggiungi Tag
Nessun Tag, puoi essere il primo ad aggiungerne!!

MARC

LEADER 00000nam$a2200000$$$4500
001 0003920
005 20240313133500.7
020 |a 80-86724-00-X 
041 0 |a cze 
044 |a CZ 
245 1 0 |a Řízení hotelového provozu  |c Jaromír Beránek, Pavel Kotek 
250 |a 3. přeprac. vyd. 
264 1 |a Praha  |b MAG Consulting  |c 2003 
300 |a 218 s. 
610 2 0 |a hotelierstvo 
610 2 0 |a hotely 
610 2 0 |a manažment 
610 2 0 |a štruktúra organizačná 
610 2 0 |a marketing 
610 2 0 |a plán podnikateľský 
610 2 0 |a analýza swot 
610 2 0 |a ciele riadenia 
610 2 0 |a marketing mix 
610 2 0 |a politika obchodná 
610 2 0 |a kontrola vonkajšia 
610 2 0 |a zariadenia ubytovacie 
610 2 0 |a služby doplnkové 
100 1 |a Beránek, Jaromír 
700 1 |a Kotek, Pavel